000
00296nam a22001337a 4500
008
171017b xxu||||| |||| 00| 0 eng d
020
_a
9780070886681
041
_a
eng
080
_a
330.101.542
100
_a
52
101
_a
MIK
245
_a
MICRO ECONOMI
_c
BARBIERD.M.B.M
942
_2
udc
_c
BK
999
_c
34405
_d
34405